Normal view
MARC view
Entry Personal Name
001 - CONTROL NUMBER
- control field: 48138
003 - CONTROL NUMBER IDENTIFIER
- control field: ARRUPE
005 - DATE AND TIME OF LATEST TRANSACTION
- control field: 20190919092148.0
008 - FIXED-LENGTH DATA ELEMENTS
- fixed length control field: 190919|| aca||aabn | a|a d
040 ## - CATALOGING SOURCE
- Original cataloging agency: ARRUPE
- Transcribing agency: ARRUPE
100 ## - HEADING--PERSONAL NAME
- Personal name: Mkoba, Martin L.
670 ## - SOURCE DATA FOUND
- Source citation: Work cat.: (ARRUPE): Mkoba, Martin L., Moral and character education in primary and secondary education in Tanzania, 2015